000 00677cam a2200157 i 4500
020 _a9781461443278 (hdbk. : acidfree paper)
020 _z9781461443285 (ebook)
050 0 0 _aR857.M3
_bB56 2013
245 0 0 _aBiologically responsive biomaterials for tissue engineering /
_cIulian Antoniac, editor.
260 _aNew York [USA] :
_bSpringer,
_cc2013.
300 _ax, 254 pages :
500 _aIncludes bibliographic references and index.
650 _xTissue engineering ;
_xBiomedical materials ;
_xBiomedical engineering ;
_xBiomedical materials -- biocompatibility ;
_xMaterials science ;
_xMedicine ;
_xOrthopedics ;
_xCytology.
700 1 _aAntoniac, Iulian.
942 _2lcc
_cGEN
999 _c8373
_d8373